000
00281nam a2200097Ia 4500
082
_a
079.68|BULL
245
0
_a
Out to lunch -- ungagged
100
_a
Bullard, David, , 1952- Kenilworth, South Africa, 2011
_9
67484
942
_c
BK
008
210817s9999 xx 000 0 und d
999
_c
217643
_d
217642